Introduction to groundwater modeling finite difference and finite element methods / (Record no. 8515)

MARC details
000 -LEADER
fixed length control field 01345nac a22003615i 4500
003 - CONTROL NUMBER IDENTIFIER
control field EG-ScBUE
005 - DATE AND TIME OF LATEST TRANSACTION
control field 20260119093714.0
008 - FIXED-LENGTH DATA ELEMENTS--GENERAL INFORMATION
fixed length control field 150823t1982 enka f b 001 0 eng d
020 ## - INTERNATIONAL STANDARD BOOK NUMBER
International Standard Book Number 9780127345857
020 ## - INTERNATIONAL STANDARD BOOK NUMBER
International Standard Book Number 012734585X
040 ## - CATALOGING SOURCE
Original cataloging agency EG-Sc BUE
Language of cataloging eng
Description conventions rda
Transcribing agency EG-Sc BUE
Modifying agency EG-Sc BUE
082 04 - DEWEY DECIMAL CLASSIFICATION NUMBER
Classification number 551.490724
Item number WAN
Edition number 22
100 1# - MAIN ENTRY--PERSONAL NAME
Personal name Wang, Herbert,
Relator term author.
245 10 - TITLE STATEMENT
Title Introduction to groundwater modeling finite difference and finite element methods /
Statement of responsibility, etc Herbert F. Wang, Mary P. Anderson, University of Wisconsin, Madison.
264 #1 - PUBLICATION, DISTRIBUTION, ETC. (IMPRINT)
Place of publication, distribution, etc London :
Name of publisher, distributor, etc Academic Press, Inc.,
Date of publication, distribution, etc [1982]
264 #4 - PUBLICATION, DISTRIBUTION, ETC. (IMPRINT)
Date of publication, distribution, etc c1982
300 ## - PHYSICAL DESCRIPTION
Extent x, 237 pages :
Other physical details illustrations ;
Dimensions 23 cm
336 ## - CONTENT TYPE
Source rdacontent
Content type term text
Content type code txt
337 ## - MEDIA TYPE
Media type term unmediated
Source rdamedia
Media type code n
338 ## - CARRIER TYPE
Carrier type term volume
Carrier type code nc
Source rdacarrier
504 ## - BIBLIOGRAPHY, ETC. NOTE
Bibliography, etc Includes bibliographical references and index.<br/>
590 ## - LOCAL NOTE (RLIN)
Local note Doha
650 #0 - SUBJECT ADDED ENTRY--TOPICAL TERM
Topical term or geographic name as entry element Groundwater flow
General subdivision Mathematical models.
Source of heading or term BUEsh
650 #7 - SUBJECT ADDED ENTRY--TOPICAL TERM
Topical term or geographic name as entry element Difference equations.
Source of heading or term BUEsh
650 #7 - SUBJECT ADDED ENTRY--TOPICAL TERM
Topical term or geographic name as entry element Finite element method.
Source of heading or term BUEsh
651 ## - SUBJECT ADDED ENTRY--GEOGRAPHIC NAME
Source of heading or term BUEsh
653 ## - INDEX TERM--UNCONTROLLED
Arrived date list August2015
655 ## - INDEX TERM--GENRE/FORM
Form subdivision Reading book
700 1# - ADDED ENTRY--PERSONAL NAME
Personal name Anderson, Mary P.,
Relator term author.
856 42 - ELECTRONIC LOCATION AND ACCESS
Materials specified Publisher description
Uniform Resource Identifier <a href="http://www.loc.gov/catdir/description/els032/95008167.html">http://www.loc.gov/catdir/description/els032/95008167.html</a>
856 42 - ELECTRONIC LOCATION AND ACCESS
Materials specified Table of contents
Uniform Resource Identifier <a href="http://www.loc.gov/catdir/toc/els032/95008167.html">http://www.loc.gov/catdir/toc/els032/95008167.html</a>
942 ## - ADDED ENTRY ELEMENTS (KOHA)
Koha item type Book - Borrowing
Source of classification or shelving scheme Dewey Decimal Classification
Holdings
Withdrawn status Lost status Source of classification or shelving scheme Materials specified (bound volume or other part) Damaged status Not for loan Home library Current library Shelving location Date acquired Source of acquisition Total Checkouts Full call number Barcode Date last seen Koha item type Collection code Cost, normal purchase price
    Dewey Decimal Classification     Central Library Central Library First floor 08/03/2011 Purchase   551.490724 WAN 000010305 15/07/2025 Book - Borrowing    
    Dewey Decimal Classification       Central Library Central Library First floor 16/06/2009 Purchase   551.490724 WAN 000016861 15/07/2025 NB - Book (Non borrowing) Alef-Baa 150.00